Humanism in Zambia and a guide to its implementation (Record no. 92520)
[ view plain ]
| 000 -LEADER | |
|---|---|
| fixed length control field | 00363nam a2200145Ia 4500 |
| 003 - CONTROL NUMBER IDENTIFIER | |
| control field | 0100 |
| 008 - FIXED-LENGTH DATA ELEMENTS--GENERAL INFORMATION | |
| fixed length control field | 130307s9999 xx 000 0 und d |
| 040 ## - CATALOGING SOURCE | |
| Transcribing agency | ARRUPELIB |
| 050 ## - LIBRARY OF CONGRESS CALL NUMBER | |
| Classification number | JQ2909.5.H9 |
| 100 ## - MAIN ENTRY--PERSONAL NAME | |
| Personal name | Kaunda, Kenneth David |
| 245 ## - TITLE STATEMENT | |
| Title | Humanism in Zambia and a guide to its implementation |
| 260 ## - PUBLICATION, DISTRIBUTION, ETC. (IMPRINT) | |
| Place of publication, distribution, etc | Lusaka |
| 260 ## - PUBLICATION, DISTRIBUTION, ETC. (IMPRINT) | |
| Name of publisher, distributor, etc | Government Printers |
| 942 00 - ADDED ENTRY ELEMENTS (KOHA) | |
| Koha issues (borrowed), all copies | 3 |
| Withdrawn status | Lost status | Source of classification or shelving scheme | Damaged status | Not for loan | Collection code | Home library | Current library | Date acquired | Total Checkouts | Full call number | Barcode | Date last seen | Date checked out | Copy number | Price effective from | Koha item type |
|---|---|---|---|---|---|---|---|---|---|---|---|---|---|---|---|---|
| Library of Congress Classification | Main Collection | ARRUPE LIBRARY | ARRUPE LIBRARY | 07/03/2013 | 7 | JQ2909.5.H9 | 46500025659 | 27/05/2020 | 23/03/2020 | 1 | 07/03/2013 | Monograph ( Printed materials) |